| 000 | 01247cam a2200301 a 4500 | ||
|---|---|---|---|
| 001 | 16035134 | ||
| 005 | 20110401074900.0 | ||
| 008 | 091228s2010 enk b 001 0 eng | ||
| 020 | _a9780415577366 (alk. paper) | ||
| 020 | _a9780203848494 (alk. paper) | ||
| 040 |
_aDLC _cDLC |
||
| 082 | 0 | 0 |
_a327.172096 _222 _bPEA |
| 245 | 0 | 0 |
_aPeacebuilding and Rule of Law in Africa : _bJust Peace? / _cedited by Chandra Lekha Sriram, Olga Martin-Ortega and Johanna Herman. |
| 260 |
_aAbingdon, Oxon, England ; _aNew York : _bRoutledge, _cc2010. |
||
| 300 |
_axii, 262 p. ; _c24 cm. |
||
| 504 | _aIncludes bibliographical references and index. | ||
| 650 | 0 |
_aPeace-building _zAfrica. _928860 |
|
| 650 | 0 |
_aPeacekeeping forces _zAfrica. _928861 |
|
| 650 | 0 |
_aRule of law _zAfrica. _928862 |
|
| 650 | 0 |
_aWar _xTermination. _928863 |
|
| 653 |
_bPol _cFebruary2012 |
||
| 700 | 1 |
_aSriram, Chandra Lekha, _d1971- _928864 |
|
| 700 | 1 |
_aMartin-Ortega, Olga. _928865 |
|
| 700 | 1 |
_aHerman, Johanna. _928866 |
|
| 942 |
_2ddc _cBB |
||
| 999 |
_c16454 _d16454 |
||